Statistiken für Länder in der Nähe von Thailand - Ein Minuten-Sprint

Klicken Sie hier um das Quiz zu spielen!

Allgemein

  • Dieses Quiz wurde 75 mal gespielt
  • Das Durchschnittsergebnis liegt bei 13 aus 20

Antwortstatistiken

kmLand% Korrekt
104Vietnam
97%
0Laos
93%
0Birma
90%
115China
90%
0Kambodscha
85%
486Indien
83%
0Malaysia
83%
301Indonesien
75%
524Singapur
73%
579Bangladesch
70%
1734Taiwan
60%
993Bhutan
57%
1258Nepal
57%
2053Japan
55%
2766Südkorea
53%
1440Philippinen
52%
1810Sri Lanka
45%
1341Brunei
43%
2648Pakistan
42%
2396Mongolei
37%

Verteilung der Resultate

Perzentil nach korrekt beantworteten Fragen

Anzahl Personen mit jedem Resultat

Ihre Resultats-Entwicklung

Sie haben dieses Quiz noch nicht gespielt